<?xml version="1.0" encoding="UTF-8"?>
<record
    xmlns:xsi="http://www.w3.org/2001/XMLSchema-instance"
    xsi:schemaLocation="http://www.loc.gov/MARC21/slim http://www.loc.gov/standards/marcxml/schema/MARC21slim.xsd"
    xmlns="http://www.loc.gov/MARC21/slim">

  <leader>01047nam2a22002531  4500</leader>
  <controlfield tag="001">rc\718172</controlfield>
  <controlfield tag="005">20251209143411.0</controlfield>
  <datafield tag="010" ind1=" " ind2=" ">
    <subfield code="a">5-300-00728-2</subfield>
  </datafield>
  <datafield tag="035" ind1=" " ind2=" ">
    <subfield code="a">(NLR Aleph) 005961537</subfield>
  </datafield>
  <datafield tag="090" ind1=" " ind2=" ">
    <subfield code="a">6855187</subfield>
    <subfield code="c">6855187</subfield>
  </datafield>
  <datafield tag="100" ind1=" " ind2=" ">
    <subfield code="a">20031121d1997    u  y0rusy50      ca</subfield>
  </datafield>
  <datafield tag="101" ind1="0" ind2=" ">
    <subfield code="a">rus</subfield>
  </datafield>
  <datafield tag="102" ind1=" " ind2=" ">
    <subfield code="a">RU</subfield>
  </datafield>
  <datafield tag="105" ind1=" " ind2=" ">
    <subfield code="a">a   |||||||||</subfield>
  </datafield>
  <datafield tag="200" ind1="1" ind2=" ">
    <subfield code="a">&#x417;&#x430;&#x43F;&#x430;&#x434;&#x43D;&#x44F;</subfield>
    <subfield code="f">[&#x41F;&#x435;&#x440;. &#x41C;. &#x420;&#x43E;&#x43C;&#x43C;&#x430;]</subfield>
  </datafield>
  <datafield tag="210" ind1=" " ind2=" ">
    <subfield code="d">1997</subfield>
  </datafield>
  <datafield tag="215" ind1=" " ind2=" ">
    <subfield code="a">388, [1] &#x441;.</subfield>
    <subfield code="c">&#x438;&#x43B;.</subfield>
  </datafield>
  <datafield tag="461" ind1=" " ind2="0">
    <subfield code="1">001rc\184658</subfield>
    <subfield code="1">2001#$a&#x421;&#x43E;&#x431;&#x440;&#x430;&#x43D;&#x438;&#x435; &#x441;&#x43E;&#x447;&#x438;&#x43D;&#x435;&#x43D;&#x438;&#x439;$e&#x420;&#x443;&#x433;&#x43E;&#x43D;-&#x41C;&#x430;&#x43A;&#x43A;&#x430;&#x440;&#x44B;$e&#x412; 20 &#x442;.$e[&#x41F;&#x435;&#x440;. &#x441; &#x444;&#x440;.]$f&#x42D;&#x43C;&#x438;&#x43B;&#x44C; &#x417;&#x43E;&#x43B;&#x44F;$g[&#x421;&#x43E;&#x441;&#x442;. &#x412;. &#x41F;&#x440;&#x43E;&#x43D;&#x438;&#x43D;]$v&#x422;. 7</subfield>
    <subfield code="1">700#1$a&#x417;&#x43E;&#x43B;&#x44F;$b&#x42D;.$g&#x42D;&#x43C;&#x438;&#x43B;&#x44C;$f1840-1902$3RU\NLR\AUTH\771440</subfield>
    <subfield code="9">6476501</subfield>
    <subfield code="a">&#x417;&#x43E;&#x43B;&#x44F;, &#x42D;. (1840-1902)</subfield>
    <subfield code="c">&#x41C;.</subfield>
    <subfield code="d">1996-</subfield>
    <subfield code="f">&#x42D;&#x43C;&#x438;&#x43B;&#x44C; &#x417;&#x43E;&#x43B;&#x44F;</subfield>
    <subfield code="n">&#x418;&#x437;&#x434;. &#x446;&#x435;&#x43D;&#x442;&#x440; "&#x422;&#x435;&#x440;&#x440;&#x430;"</subfield>
    <subfield code="o">&#x420;&#x443;&#x433;&#x43E;&#x43D;-&#x41C;&#x430;&#x43A;&#x43A;&#x430;&#x440;&#x44B; : &#x412; 20 &#x442;. : [&#x41F;&#x435;&#x440;. &#x441; &#x444;&#x440;.]</subfield>
    <subfield code="t">&#x421;&#x43E;&#x431;&#x440;&#x430;&#x43D;&#x438;&#x435; &#x441;&#x43E;&#x447;&#x438;&#x43D;&#x435;&#x43D;&#x438;&#x439;</subfield>
    <subfield code="y">5300006866</subfield>
    <subfield code="v">&#x422;. 7</subfield>
  </datafield>
  <datafield tag="801" ind1=" " ind2="0">
    <subfield code="a">RU</subfield>
    <subfield code="b">NLR</subfield>
    <subfield code="g">psbo</subfield>
  </datafield>
  <datafield tag="801" ind1=" " ind2="1">
    <subfield code="a">RU</subfield>
    <subfield code="b">ELAR</subfield>
    <subfield code="2">rusmarc</subfield>
  </datafield>
  <datafield tag="852" ind1=" " ind2=" ">
    <subfield code="a">NLR</subfield>
    <subfield code="j">96-5/3892</subfield>
  </datafield>
  <datafield tag="942" ind1=" " ind2=" ">
    <subfield code="c">BOOK</subfield>
  </datafield>
  <datafield tag="980" ind1=" " ind2=" ">
    <subfield code="a">NB</subfield>
  </datafield>
  <datafield tag="995" ind1=" " ind2=" ">
    <subfield code="5">2013-10-26</subfield>
    <subfield code="b">NLR01</subfield>
    <subfield code="c">NLR01</subfield>
    <subfield code="e">RF8</subfield>
    <subfield code="f">5961537-10</subfield>
    <subfield code="k">96-5/3892</subfield>
    <subfield code="o">0</subfield>
    <subfield code="r">BOOK</subfield>
    <subfield code="s">9653892_</subfield>
  </datafield>
</record>
